logo

Bir Sreshtho Munshi Abdur Rouf Library
Jhenaidah Cadet College

বোধের বিগ্রহ / (Record no. 3691)

MARC details
000 -LEADER
fixed length control field 00646nam a2200229 a 4500
001 - CONTROL NUMBER
JCCL Control Number 3691
003 - CONTROL NUMBER IDENTIFIER
JCCL marc code BD-JhCC
005 - DATE AND TIME OF LATEST TRANSACTION
control field 20171116174112.0
008 - FIXED-LENGTH DATA ELEMENTS--GENERAL INFORMATION
fixed length control field 171116s2006 bg |||| ||a| 000 0 ben d
020 ## - INTERNATIONAL STANDARD BOOK NUMBER
International Standard Book Number 98481613215
035 ## - SYSTEM CONTROL NUMBER
system control number (BD-JhCC)3691
040 ## - CATALOGING SOURCE
Original cataloging agency BD-JhCC
Modifying agency BD-JhCC
041 ## - LANGUAGE CODE
Language code of Book ben
082 ## - DEWEY DECIMAL CLASSIFICATION NUMBER
Classification number 891.4415
Author mark and Year DUT 2006
100 ## - MAIN ENTRY--PERSONAL NAME
Personal name দত্ত, মনোজ
245 ## - TITLE STATEMENT
Title বোধের বিগ্রহ /
Statement of responsibility, etc মনোজ দত্ত
260 ## - PUBLICATION, DISTRIBUTION, ETC. (IMPRINT)
Place of publication, distribution, etc ঢাকা :
Name of publisher, distributor, etc র্যামন পাবলিশার্স,
Date of publication, distribution, etc ২০০৬.
300 ## - PHYSICAL DESCRIPTION
Pagination 48 p. :
Dimensions 21 cm.
650 ## - SUBJECT ADDED ENTRY--TOPICAL TERM
Topical term or geographic name as entry element Benali Poems
942 ## - ADDED ENTRY ELEMENTS (KOHA)
Source of classification or shelving scheme Dewey Decimal Classification
Koha item type Books
Holdings
Source of classification or shelving scheme Damaged status Not for loan Home library Current library Shelving location Date of accession Source of acquisition Cost, normal purchase price Total Checkouts Full call number Barcode Date last seen Copy number Koha item type
Dewey Decimal Classification     JCC Rouf Library JCC Rouf Library General Stacks 11/16/2017 Foundation of Tenths Efforts 50.00   891.4415 DUT 2006 5351 11/16/2017 C-1 Books
Dewey Decimal Classification     JCC Rouf Library JCC Rouf Library General Stacks 11/20/2017 Foundation of Tenth's Efforts 50.00   891.4415 DUT 2006 5519 11/20/2017 C-2 Books

JCC Library | Contacts | JCC Home

Last Update on 23 September 2017
Copyright @ 2017-2020 JCC Rouf Library
Rouf Library, Jhenidah Cadet College (JCC), Bangladesh